000 00612nam a2200181Ia 4500
008 090123s9999 xx 000 0 und d
082 _b15251
100 _aसमेळ सोमनाथ
245 _aयुध्द आणि युध्द भूमी
250 _a1
260 _bमॅजेस्टिक प्रकाशन
300 _a100
600 _aसमेळ सोमनाथ
630 _aयुध्द आणि युध्द भूमी
700 _aसमेळ सोमनाथ
730 _aयुध्द आणि युध्द भूमी
942 _cBOOK
999 _c53312
_d53312